000 00342nam a2200133Ia 4500
008 220204s9999 xx 000 0 und d
082 _aNR:62:678.5
_bKLU
100 _aKluckow, P
245 0 _aRubber and plastics testing
260 _aLondon
_bChapman and Hall
_c1963
650 _aPlastics testing
650 _aRubber testing
942 _cBK
999 _c19772
_d19772